[Event "European Rapid Championship"]
[Site "Warsaw POL"]
[Date "2010.12.19"]
[Round "12"]
[White "Kashtanov,R"]
[Black "Jaracz,P"]
[Result "1-0"]
[WhiteElo "2351"]
[BlackElo "2543"]

1.e4 c5 2.Nf3 e6 3.d4 cxd4 4.Nxd4 Nc6 5.Nc3 Qc7 6.Be2 Nf6 7.O-O Be7 8.Be3 O-O
9.f4 d6 10.Kh1 Nxd4 11.Qxd4 b6 12.Bf3 Bb7 13.Nb5 Qc6 14.e5 Qxb5 15.Bxb7 dxe5
16.Qxe5 Qxe5 17.fxe5 Ng4 18.Bxa8 Nxe3 19.Rf3 Nxc2 20.Rc1 Rxa8 21.Rxc2 Rd8
22.g3 Bc5 23.b4 Bxb4 24.Rc7 Rf8 25.Rxa7 h5 26.Rd7 g5 27.h3 Kg7 28.Kg2 Bc5
29.a4 Kg6 30.g4 hxg4 31.hxg4 f5 32.exf6 Rxf6 33.Rxf6+ Kxf6 34.Kf3 Ke5 35.Rg7 Kd4
36.Rxg5 e5 37.Rf5  1-0

[Event "European Rapid Championship"]
[Site "Warsaw POL"]
[Date "2010.12.19"]
[Round "12"]
[White "Lintchevski,D"]
[Black "Polgar,Ju"]
[Result "1/2-1/2"]
[WhiteElo "2532"]
[BlackElo "2686"]

1.e4 c5 2.Nf3 e6 3.d4 cxd4 4.Nxd4 Nc6 5.Nc3 Qc7 6.Be2 a6 7.O-O b5 8.Nxc6 dxc6
9.f4 Bb7 10.e5 c5 11.Bf3 Rd8 12.Qe2 Nh6 13.Be3 Be7 14.Rad1 O-O 15.Rxd8 Rxd8
16.Rd1 Rxd1+ 17.Qxd1 Nf5 18.Bf2 b4 19.Ne4 Bd5 20.c3 Qa5 21.g4 Nh4 22.Bxh4 Bxh4
23.c4 Bxc4 24.Qd6 Bd8 25.b3 Bd5 26.Qd7 h6 27.Qe8+ Kh7 28.Qxf7 Qxa2 29.f5 Qb1+
30.Kg2 Bxe4 31.Qg6+ Kh8 32.Qe8+ Kh7 33.Qg6+  1/2-1/2

[Event "European Rapid Championship"]
[Site "Warsaw POL"]
[Date "2010.12.19"]
[Round "13"]
[White "Malakhov,I"]
[Black "Tregubov,P"]
[Result "1-0"]
[WhiteElo "2425"]
[BlackElo "2598"]

1.e4 c5 2.Nf3 Nc6 3.d4 cxd4 4.Nxd4 e6 5.Nc3 Qc7 6.Nxc6 bxc6 7.Bd3 Nf6 8.O-O d5
9.Bg5 Be7 10.Qf3 O-O 11.Rae1 Re8 12.exd5 cxd5 13.Bxf6 gxf6 14.Qh5 f5 15.Re3 Bd6
16.Nxd5 Qd8 17.Bxf5 Bxh2+ 18.Qxh2 Qxd5 19.Qxh7+ Kf8 20.Be4  1-0

[Event "7th UTD GM"]
[Site "Richardson USA"]
[Date "2010.12.20"]
[Round "7"]
[White "Zierk,S"]
[Black "Sadorra,J"]
[Result "0-1"]
[WhiteElo "2403"]
[BlackElo "2473"]

1.e4 c5 2.Nf3 e6 3.d4 cxd4 4.Nxd4 Nc6 5.Nc3 Qc7 6.Be2 a6 7.O-O Nf6 8.Be3 d6
9.f4 Be7 10.f5 Ne5 11.a4 Bd7 12.Kh1 Rc8 13.a5 Nc4 14.fxe6 fxe6 15.Bxc4 Qxc4
16.e5 dxe5 17.Nf3 Bb5 18.Re1 Rd8 19.Qc1 Ng4 20.Bb6 Bc6 21.h3 O-O 22.Nxe5 Nxe5
23.Rxe5 Qh4 24.Re3 Rf2 25.Ne4 Rdf8 26.Nxf2 Rxf2 27.Qg1 Rxg2 28.Qxg2 Bxg2+
29.Kxg2 Qg5+ 30.Kh1 Qd5+ 31.Kg1 Bd6 32.Rf1 h5 33.Re2 Qb5 34.Rd2 Bf4 35.Rdf2 e5
36.b3 Qc6 37.Rg2 Qc3 38.h4 Qh3 39.Bf2 Kh7 40.Be1 Qe3+ 41.Bf2 Qc3 42.Be1 Qe3+
43.Bf2 Qh3 44.Rd1 e4 45.Rd5 g6 46.Bd4 Be3+ 47.Bxe3 Qxe3+ 48.Kh2 Qf4+ 49.Kg1 e3
50.Rd7+ Kh6 51.Rd3 Qxh4 52.Rxe3 Qd4 53.Kf2 Qd2+ 54.Kf3 Qxa5 55.Re4 Qc3+ 56.Kf4 g5+
57.Rxg5 Qd2+ 58.Re3 Qxe3+  0-1

[Event "Schaakfestival Open A"]
[Site "Groningen NED"]
[Date "2010.12.21"]
[Round "1.28"]
[White "Van Eijk,S"]
[Black "Maris,Iv"]
[Result "1-0"]
[WhiteElo "2387"]
[BlackElo "1955"]

1.e4 c5 2.Nc3 Nc6 3.Nge2 e6 4.d4 cxd4 5.Nxd4 Qc7 6.Be3 a6 7.Be2 Nf6 8.a3 d6
9.f4 Be7 10.g4 Nxd4 11.Bxd4 e5 12.Bf2 exf4 13.g5 Nd7 14.Nd5 Qd8 15.h4 b6
16.Qd4 O-O 17.O-O-O Bb7 18.Nxf4 d5 19.Qd2 Nc5 20.Bxc5 Bxc5 21.Nxd5 Re8 22.Kb1 Kh8
23.Qf4 Bxd5 24.Rxd5 Qe7 25.Bd3 b5 26.h5 Rad8 27.Qf5 g6 28.hxg6 fxg6 29.Qxg6 Rxd5
30.exd5 Qe1+ 31.Ka2 Qxh1 32.Qxe8+ Kg7 33.Qd7+ Kg8 34.Bf5 Qf1 35.Qxh7+  1-0

[Event "48th ch-IND"]
[Site "New Delhi IND"]
[Date "2010.12.21"]
[Round "12"]
[White "Soumya,Sw"]
[Black "Sethuraman,S"]
[Result "0-1"]
[WhiteElo "2332"]
[BlackElo "2547"]

1.e4 c5 2.Nf3 e6 3.d4 cxd4 4.Nxd4 Nc6 5.Nc3 Qc7 6.Be3 a6 7.Qd2 Nf6 8.O-O-O Bb4
9.f3 O-O 10.g4 b5 11.g5 Ne8 12.Nxc6 dxc6 13.Qf2 f6 14.Rg1 fxg5 15.Rxg5 Be7
16.Rg1 e5 17.Qg3 Be6 18.Bh3 Bxh3 19.Qxh3 Qc8 20.Rd7 Rf6 21.Rg3 Bf8 22.Nb1 Rd6
23.Rxd6 Qxh3 24.Rxh3 Bxd6 25.c4 Nc7 26.c5 Be7 27.f4 exf4 28.Bxf4 Ne6 29.Bd6 Ra7
30.b4 Bg5+ 31.Kd1 a5 32.Ra3 a4 33.Nd2 Bxd2 34.Kxd2 Rf7 35.Bg3 Ng5 36.Re3 Rf1
37.h4 Ne6 38.Rd3 Kf7 39.Ke2 Rb1 40.a3 Rb3 41.Rd7+ Kf6 42.Rd3 Rxd3 43.Kxd3 Kg6
44.Ke3 Kh5 45.Kf3 Nd4+ 46.Ke3 Nc2+ 47.Kf4 Nxa3 48.Kf5 Nc2 49.e5 a3 50.e6 Nd4+
51.Ke5 a2 52.e7 a1=Q 53.e8=Q+ Kg4 54.Bf2 Nf5+ 55.Ke6 Qa2+ 56.Kd7 Qxf2 57.Kxc6 Kxh4
58.Kxb5 g5 59.Qe4+ g4 60.Qh1+ Kg5 61.Qxh7 g3 62.Qg8+ Kf4 63.Qb8+ Ke4 64.Qa8+ Kf4
65.Qb8+ Ke4 66.Qa8+ Kd3 67.Qa3+ Ke2 68.Qa2+ Kf3 69.Qd5+ Kf4 70.c6 g2 71.c7 g1=Q
72.Qxf5+ Kxf5 73.c8=Q+ Ke4 74.Qe6+ Kd3 75.Qc4+ Kd2 76.Qa2+ Ke3 77.Qe6+ Kf3
78.Qd5+ Kg3 79.Qg5+ Kh3 80.Qh5+ Kg2 81.Qd5+ Qf3 82.Qd2+ Qgf2 83.Qg5+ Kf1  0-1

[Event "63rd ch-RUS"]
[Site "Moscow RUS"]
[Date "2010.12.22"]
[Round "11"]
[White "Svidler,P"]
[Black "Grischuk,A"]
[Result "1/2-1/2"]
[WhiteElo "2722"]
[BlackElo "2771"]

1.e4 c5 2.Nf3 e6 3.d4 cxd4 4.Nxd4 Nc6 5.Nc3 a6 6.Be3 Nf6 7.Qd2 Bb4 8.f3 d5
9.O-O-O Qa5 10.Nb3 Bxc3 11.Nxa5 Bxd2+ 12.Bxd2 dxe4 13.Nc4 O-O 14.Nb6 Rb8
15.Be3 Nd5 16.Nxd5 exd5 17.Bf4 Ra8 18.Rxd5 exf3 19.gxf3 Be6 20.Rd2 Rfd8 21.Bd6 Rac8
22.b3 b5 23.Bg2 Bf5 24.c3 Nd4 25.Bb4 Nc6 26.Bd6 Nd4 27.Bb4 Nc6 28.Bd6  1/2-1/2

[Event "Schaakfestival Open A"]
[Site "Groningen NED"]
[Date "2010.12.23"]
[Round "3.4"]
[White "Baklan,V"]
[Black "Baghdasaryan,V"]
[Result "1/2-1/2"]
[WhiteElo "2613"]
[BlackElo "2303"]

1.e4 c5 2.Nf3 e6 3.Nc3 Nc6 4.d4 cxd4 5.Nxd4 Qc7 6.g3 a6 7.Bg2 d6 8.O-O Bd7
9.Re1 Be7 10.Nxc6 Bxc6 11.Ne2 e5 12.a4 Nf6 13.Nc3 O-O 14.a5 b5 15.axb6 Qxb6
16.b3 h6 17.Be3 Qc7 18.Ra2 Bb7 19.Qd3 Rac8 20.Bd2 Qb8 21.Nd5 Nxd5 22.exd5 f5
23.c4 e4 24.Qb1 Bf6 25.f3 Bd4+ 26.Kh1 exf3 27.Bxf3 Rce8 28.Rxe8 Qxe8 29.Bf4 Qd8
30.Qd3 Bc5 31.Re2 Bc8 32.Bd2 a5 33.Bc3 Qg5 34.Bxa5 f4 35.Bd2 Bf5 36.Qc3 Bg4
37.Rg2 Bb4 38.Qd3 Bxf3 39.Qxf3 Bxd2 40.Rxd2 fxg3 41.Qg2 Qe3 42.hxg3 Rf5 43.Qe2 Qxg3
44.Qe6+ Rf7 45.Rg2 Qf3 46.Qxd6 Qd1+ 47.Kh2 Qh5+ 48.Kg1 Kh7 49.Qg3 Qd1+ 50.Kh2 Qh5+
51.Kg1 Qd1+ 52.Kh2 Qh5+  1/2-1/2

[Event "Azerbaijanian Solidarity Day"]
[Site "Baku AZE"]
[Date "2010.12.25"]
[Round "5.4"]
[White "Rasulov,Vu"]
[Black "Benidze,D"]
[Result "1/2-1/2"]
[WhiteElo "2483"]
[BlackElo "2524"]

1.e4 c5 2.Nf3 e6 3.d4 cxd4 4.Nxd4 Nc6 5.Nc3 a6 6.Be2 Qc7 7.O-O Nf6 8.Be3 Bb4
9.Na4 Be7 10.Nc3 Bb4 11.Na4 Be7 12.Nc3  1/2-1/2

[Event "Hastings Masters 2010-11"]
[Site "Hastings ENG"]
[Date "2010.12.28"]
[Round "1.2"]
[White "Istratescu,A"]
[Black "Kulkarni,C"]
[Result "1-0"]
[WhiteElo "2616"]
[BlackElo "2275"]

1.e4 c5 2.Nf3 e6 3.d4 cxd4 4.Nxd4 Nc6 5.Nc3 Qc7 6.Be3 a6 7.Bd3 Nf6 8.O-O Bd6
9.h3 Be7 10.Nxc6 bxc6 11.Na4 d5 12.Nb6 Rb8 13.Nxc8 Qxc8 14.exd5 cxd5 15.Bd4 O-O
16.Qe2 a5 17.c4 dxc4 18.Bxc4 Rd8 19.Rfd1 Qb7 20.b3 Qe4 21.Ba7 Rxd1+ 22.Rxd1 Rd8
23.Be3 Nd5 24.Bd2 Qxe2 25.Bxe2 Bb4 26.Bxb4 axb4 27.Bf3 Kf8 28.Rd4 Ra8 29.Bxd5 exd5
30.Rxd5 Rxa2 31.Rb5 Rb2 32.Rxb4 h5 33.g4 hxg4 34.hxg4 Kg8 35.Kg2 Kh7 36.Rb6 f6
37.Kg3 Kh6 38.f3 Kg6 39.Rb7 Rb1 40.Kf4 Rb2 41.b4 Rb1 42.Rb8 Rb2 43.Rb5 Rb1
44.Ke4 Rb3 45.Rb7 Rb1 46.b5 Rb4+ 47.Kd5 Rf4 48.b6 Rxf3 49.Rd7 Rd3+ 50.Kc6 Rc3+
51.Kd6 Rd3+ 52.Kc7 Rc3+ 53.Kd8 Kh6 54.b7 Rb3 55.Kc8  1-0

[Event "North American Open"]
[Site "Las Vegas USA"]
[Date "2010.12.28"]
[Round "5"]
[White "Williams,John M"]
[Black "Villanueva,H PHI"]
[Result "1-0"]
[WhiteElo "2057"]
[BlackElo "2234"]

1.e4 c5 2.Nf3 Nc6 3.d4 cxd4 4.Nxd4 e6 5.Nc3 Bb4 6.Nxc6 bxc6 7.Qd4 Bf8 8.e5 d5
9.exd6 Qxd6 10.Be3 Nf6 11.O-O-O Qxd4 12.Bxd4 Be7 13.g3 c5 14.Bb5+ Kf8 15.Bxc5 Bb7
16.Bxe7+ Kxe7 17.Rhe1 Rac8 18.f4 Rc5 19.Ba4 Rhc8 20.Rd2 a6 21.g4 g5 22.f5 h5
23.fxe6 hxg4 24.Rd7+ Nxd7 25.exd7+ Kd6 26.dxc8=Q Rxc8 27.Ne4+ Bxe4 28.Rxe4 f5
29.Re8 Rc4 30.b3 Rf4 31.Kd2 Rf3 32.Re3 Rf2+ 33.Re2 Rf3 34.Rg2 Rh3 35.b4 Rh4
36.Bb3 f4 37.c3 Ke5 38.Bc4 f3 39.Rf2 Kf4 40.Bxa6 Rh6 41.Be2 Rd6+ 42.Ke1 Rh6
43.b5 Ke3 44.Bc4 Kf4 45.Bd5 Ke3 46.a4 Kd3 47.c4 Kd4 48.a5 Kc5 49.b6 Rh8 50.b7  1-0

[Event "Czech Chess Christmas 2010-11"]
[Site "Litomysl CZE"]
[Date "2010.12.28"]
[Round "3.7"]
[White "Madan,A"]
[Black "Olsar,Z"]
[Result "1-0"]
[WhiteElo "2339"]
[BlackElo "1984"]

1.e4 c5 2.Nf3 e6 3.d4 cxd4 4.Nxd4 Nc6 5.Nc3 Qc7 6.Be3 a6 7.Qd2 Nf6 8.f3 Bb4
9.a3 Be7 10.Bd3 Ne5 11.f4 Nxd3+ 12.cxd3 d6 13.Rc1 Qb8 14.Nb3 b6 15.Na4 Nd7
16.Nd4 Bb7 17.Nc6 Bxc6 18.Rxc6 b5 19.Nb6 Nxb6 20.Bxb6 O-O 21.Ke2 Qb7 22.Rhc1 Rac8
23.Qc2 Rxc6 24.Qxc6 Qxc6 25.Rxc6 Ra8 26.d4 d5 27.exd5 exd5 28.Bc5 Kf8 29.Kd3 Ke8
30.Rc7 Bd8 31.Rb7 h5 32.Kc3 Rc8 33.g3 Rc6 34.Kb4 g6 35.b3 Re6 36.Ra7 h4 37.gxh4 Bxh4
38.a4 bxa4 39.Kxa4 Bd8 40.b4 g5 41.fxg5 Bxg5 42.Ra8+ Bd8 43.Ba7 Rc6 44.h4 f5
45.b5 axb5+ 46.Kxb5 Rc2 47.h5 Kd7 48.Bb8 Bg5 49.Be5 f4 50.Rg8 Be7 51.h6 Rb2+
52.Ka4 Ra2+ 53.Kb3 Rh2 54.Rg6 Rh4 55.Kc2 f3 56.Kd3 Ke8 57.Rg8+ Kd7 58.Rg6 Ke8
59.Rb6 Kf7 60.Rb7 Rxh6 61.Ke3 f2 62.Kxf2 Ra6 63.Kf3 Rc6 64.Kf4 Ke6 65.Rb8 Ra6
66.Rh8 Ra1 67.Rh6+ Kd7 68.Kf5 Rg1 69.Bf4 Rf1 70.Ke5 Rf3 71.Bh2 Ra3 72.Kxd5 Ra5+
73.Ke4 Ra4 74.Be5 Ra2 75.Rb6 Ra4 76.Kf5 Ra8 77.Rb7+ Ke8 78.d5 Ra6 79.Bd4 Ra5
80.Ke6 Ra6+ 81.Bb6 Bd8 82.d6 Rxb6 83.Rh7 Rxd6+ 84.Kxd6 Ba5 85.Rb7 Bd2 86.Ke6 Kf8
87.Rf7+ Ke8 88.Rc7 Kf8 89.Rd7 Bb4 90.Rf7+ Kg8 91.Kf6 Bc3+ 92.Kg6 Ba1 93.Ra7  1-0

[Event "37th ch-IND w"]
[Site "Bhubaneswar IND"]
[Date "2010.12.29"]
[Round "5"]
[White "Preethi,R"]
[Black "Bharathi,R"]
[Result "0-1"]
[WhiteElo "2073"]
[BlackElo "2111"]

1.e4 c5 2.Nf3 e6 3.d4 cxd4 4.Nxd4 Nc6 5.Nc3 a6 6.Be3 Qc7 7.Bd3 Nf6 8.O-O Nxd4
9.Bxd4 Bc5 10.Bxc5 Qxc5 11.Qe2 d6 12.Kh1 b5 13.f4 b4 14.Na4 Qc6 15.b3 Bb7
16.Rfe1 O-O 17.c3 bxc3 18.Rac1 Qc7 19.Rxc3 Qa5 20.Bb1 Rac8 21.Rh3 e5 22.fxe5 Qxe5
23.Nb6 Rc5 24.Nc4 Qe6 25.Kg1 Re8 26.Re3 Ng4 27.Rg3 Ne5 28.Nd2 h6 29.Qf1 Qc8
30.h3 Rc3 31.Qf2 Rxg3 32.Qxg3 Qc5+ 33.Qe3 Qc6 34.Qf2 Rc8 35.Nf1 Qc5 36.Ne3 g6
37.Nd1 Kg7 38.Qxc5 Rxc5 39.Nf2 Kf6 40.Rd1 Ke6 41.Nh1 a5 42.Ng3 Ba6 43.Kf2 Nc6
44.Ne2 Ke5 45.Nc1 Nb4 46.Ke3 Rc3+ 47.Kf2 Bb7 48.Ne2 Rc5 49.Ke3 Nc2+ 50.Kd2 Na3
51.Bd3 Bxe4 52.Bxe4 Kxe4 53.Nc3+ Kd4 54.Ne2+ Ke5 55.Nc3 d5 56.Re1+ Kd6 57.Re8 Nb5
58.Nxb5+ Rxb5 59.Kd3 h5 60.Rd8+ Ke7 61.Ra8 Ke6 62.Ra6+ Ke5 63.Ra7 f6 64.Re7+ Kd6
65.Rf7 Ke6 66.Ra7 g5 67.Ra8 h4 68.Re8+ Kd6 69.Re2 Rb4 70.Kc3 f5 71.Re8 d4+
72.Kd3 a4 73.bxa4 Rxa4 74.Rg8 Ke5 75.Rxg5 Ra3+ 76.Ke2 Rxa2+ 77.Kf3 Ra3+ 78.Ke2 Rg3
79.Rh5 Rxg2+ 80.Kf1 Rh2 81.Rxh4 d3 82.Ke1 f4 83.Rh7 Ke4 84.h4 Ke3 85.Re7+ Kf3
86.Rd7 Rh1+ 87.Kd2 Rxh4 88.Rxd3+ Kf2 89.Rd4 Kg3 90.Rd8 Rh7 91.Ke2 f3+ 92.Kd2 f2
93.Rg8+ Kf3 94.Rf8+ Kg2 95.Rg8+ Kf1 96.Ra8 Rg7 97.Rf8 Kg1 98.Ke2 Re7+  0-1

[Event "Rilton Cup 2010-11"]
[Site "Stockholm SWE"]
[Date "2010.12.29"]
[Round "3"]
[White "Furhoff,J"]
[Black "Markevich,I"]
[Result "1-0"]
[WhiteElo "2365"]
[BlackElo "2175"]

1.e4 c5 2.Nf3 e6 3.d4 cxd4 4.Nxd4 Nc6 5.Nc3 Qc7 6.f4 a6 7.Be3 Bb4 8.Bd3 Nf6
9.O-O Bc5 10.Nf5 Bxe3+ 11.Nxe3 d6 12.Kh1 O-O 13.Qe1 Nb4 14.Qh4 Nxd3 15.cxd3 b5
16.g4 Bb7 17.g5 Nd7 18.Rf3 Rfe8 19.Rh3 Nf8 20.Ng4 Qc5 21.Nf6+ gxf6 22.gxf6 h5
23.Rg1+ Ng6 24.Rg5 Qd4 25.Rhg3 Kf8 26.Rxh5  1-0

[Event "Rilton Cup 2010-11"]
[Site "Stockholm SWE"]
[Date "2010.12.29"]
[Round "3"]
[White "Sipila,V"]
[Black "Cramling,P"]
[Result "1/2-1/2"]
[WhiteElo "2262"]
[BlackElo "2526"]

1.e4 c5 2.Nf3 Nc6 3.d4 cxd4 4.Nxd4 e6 5.Nc3 d6 6.Be2 Nf6 7.O-O Be7 8.Be3 O-O
9.f4 e5 10.Nb3 exf4 11.Bxf4 Be6 12.Kh1 Rc8 13.Qe1 Nd7 14.Qg3 Nde5 15.Rad1 a6
16.Nd5 Re8 17.c3 Bh4 18.Qe3 Bxd5 19.Rxd5 Ne7 20.Rdd1 N7g6 21.Bg3 Bxg3 22.Qxg3 Qb6
23.Rd2 Qc6 24.Re1 Qa4 25.Nc1 Qd7 26.Nb3 Qa4 27.Nc1 Rcd8 28.Qe3 h6 29.Red1 Qc6
30.Rd4 Nf8 31.Nd3 Nxd3 32.Qxd3 Ng6 33.Qc4 Qxc4 34.Rxc4 Nf4 35.Bf3 Ne6 36.h4 Kf8
37.Kg1 Ke7 38.Rb4 b5 39.a4 Rb8 40.Ra1 Nc7 41.axb5 Rxb5 42.Rc4 Rc5 43.Be2 Rxc4
44.Bxc4 Kd7 45.Ra4 f6 46.b3 Re5 47.Bxa6 Nxa6 48.Rxa6 Rxe4 49.Ra7+ Ke6 50.Rxg7 Rxh4
51.Kf2 f5 52.b4 Rc4 53.Rg3 h5 54.Re3+ Kf6 55.Ke2 Rg4 56.g3 h4 57.gxh4 Rxh4
58.Kd3 Rh8 59.Kd4 f4 60.Re1 Kf5 61.Kd5 Rh3 62.c4 Rd3+ 63.Kc6 f3 64.b5 Rc3
65.Kd5 Rd3+ 66.Kc6 Rc3 67.b6 Rxc4+ 68.Kxd6 Rb4 69.Kc7 Kg4 70.b7 f2 71.Rf1 Kf3
72.b8=Q Rxb8 73.Kxb8 Ke2 74.Rxf2+ Kxf2  1/2-1/2

[Event "34th Christmas Master Open"]
[Site "Zuerich SUI"]
[Date "2010.12.29"]
[Round "6"]
[White "Gloor,R"]
[Black "Strunski,A"]
[Result "1-0"]
[WhiteElo "2221"]
[BlackElo "2373"]

1.e4 c5 2.Nf3 e6 3.d4 cxd4 4.Nxd4 Nc6 5.Nc3 Qc7 6.Be3 a6 7.Bd3 Nf6 8.O-O Ne5
9.Nf3 Nfg4 10.Nxe5 Nxe3 11.Qh5 g6 12.Qf3 Qxe5 13.fxe3 f6 14.Qxf6 Qxf6 15.Rxf6 Bg7
16.Rf3 d6 17.Raf1 Bd7 18.Ne2 O-O-O 19.Nd4 Rde8 20.Bc4 Re7 21.Rf7 Rhe8 22.Rxe7 Rxe7
23.c3 Kd8 24.Kf2 Rf7+ 25.Ke2 Rxf1 26.Kxf1 Ke7 27.Ke2 Kf6 28.Kd3 g5 29.a4 h5
30.b4 Ke7 31.b5 axb5 32.Bxb5 Bxb5+ 33.axb5 g4 34.h3 gxh3 35.gxh3 Bf6 36.Ne2 Kf7
37.Nf4 h4 38.Ne2 Bd8 39.Ng1 Be7 40.Nf3 e5 41.Ne1 Bd8 42.Nc2 Bb6 43.Ke2 Kg6
44.Kf3 Kg5 45.Na3 Bc5 46.Nc4 b6 47.Ke2 Kg6 48.Kd3 Kf6 49.Nd2 Kg6 50.Nf3 Kh5
51.Ne1 Kg5 52.Ng2 Kh5 53.Kc4 Kg5 54.Kd5 Kh5 55.Ke6 Kg5 56.c4 Bb4 57.Kd5 Bc5
58.Kc6 Kh5 59.Ne1 Kg5 60.Nf3+ Kf6 61.Nxh4 Bxe3 62.Kxd6 Kg5 63.Ng2 Bd4 64.Kd5 Kf6
65.Ne1  1-0

[Event "Czech Chess Christmas 2010-11"]
[Site "Litomysl CZE"]
[Date "2010.12.31"]
[Round "7.8"]
[White "Madan,A"]
[Black "Navratil,Ji3"]
[Result "0-1"]
[WhiteElo "2339"]
[BlackElo "1996"]

1.e4 c5 2.Nf3 e6 3.d4 cxd4 4.Nxd4 Nc6 5.Nc3 Nf6 6.Nxc6 dxc6 7.Qxd8+ Kxd8
8.e5 Nd7 9.f4 Bb4 10.Bd2 Bxc3 11.Bxc3 b6 12.Be2 Bb7 13.Bf3 Kc7 14.O-O-O Rad8
15.g4 Rhe8 16.Be1 Nb8 17.Bh4 Rxd1+ 18.Rxd1 c5 19.Bxb7 Kxb7 20.Kd2 Nc6 21.Ke3 Kc7
22.Ke4 Nb4 23.c3 Nc6 24.b3 Kc8 25.Rd6 Kc7 26.Rd2 Kc8 27.Rf2 Kd7 28.Bg3 Rd8
29.f5 Ke8 30.h4 Rd1 31.Rg2 Ne7 32.fxe6 fxe6 33.c4 Nc6 34.h5 h6 35.Bf4 Re1+
36.Be3 Kf7 37.g5 hxg5 38.Rxg5 Ne7 39.Rg1 Re2 40.Kd3 Rh2 41.a3 Nf5 42.Bc1 Rxh5
43.b4 Rh3+ 44.Kd2 Rh4 45.Kd3 Rd4+ 46.Kc3 Re4 47.bxc5 bxc5 48.Rg2 Rxe5 49.Rb2 Kf6
50.Rb7 g5 51.Rxa7 g4 52.Ra8 g3 53.Rg8 Re2 54.Rg4 g2 55.Bd2 Nd4 56.a4 Nf3
57.a5 Rxd2  0-1

[Event "WSB Masters GM"]
[Site "Wroclaw POL"]
[Date "2010.12.31"]
[Round "7"]
[White "Kravtsiv,M"]
[Black "Butkiewicz,L"]
[Result "1/2-1/2"]
[WhiteElo "2566"]
[BlackElo "2408"]

1.e4 c5 2.Nf3 e6 3.d4 cxd4 4.Nxd4 Nc6 5.Nc3 Qc7 6.Be2 a6 7.Be3 Nf6 8.O-O Bb4
9.Na4 O-O 10.Nxc6 bxc6 11.Nb6 Rb8 12.Nxc8 Rfxc8 13.Bxa6 Rf8 14.Bd3 Bd6 15.f4 e5
16.f5 Rxb2 17.g4 Qa5 18.g5 Bc5 19.Bxc5 Qxc5+ 20.Kh1 Ne8 21.Qh5 f6 22.Rf3  1/2-1/2

[Event "37th ch-IND w"]
[Site "Bhubaneswar IND"]
[Date "2011.01.01"]
[Round "7"]
[White "Harini,S"]
[Black "Bharathi,R"]
[Result "1/2-1/2"]
[WhiteElo "2063"]
[BlackElo "2111"]

1.e4 c5 2.Nf3 e6 3.d4 cxd4 4.Nxd4 Nc6 5.Nc3 a6 6.Be3 Qc7 7.Be2 Nf6 8.O-O Bb4
9.Na4 Be7 10.Nxc6 bxc6 11.Nb6 Rb8 12.Nxc8 Qxc8 13.Qd4 O-O 14.b3 a5 15.c4 c5
16.Qd3 Qc7 17.f4 d6 18.Bf3 Nd7 19.Rad1 Rbd8 20.g4 h6 21.Qd2 Rfe8 22.Qg2 Bf6
23.h4 Qb6 24.g5 hxg5 25.hxg5 Bd4 26.Bxd4 cxd4 27.Qf2 e5 28.f5 f6 29.Bh5 Re7
30.Bg6 fxg5 31.Qh2 Nf6 32.Kg2 Qb7 33.Rde1 Rf7 34.Rh1 Kf8 35.Bxf7 Kxf7 36.Qh3 Nxe4
37.Qh5+ Ke7 38.Kg1 Rg8 39.Qg4 Nf6 40.Qxd4 Qf3 41.Qa7+ Nd7 42.Qf2 Qg4+ 43.Qg2 Qd4+
44.Qf2 Qg4+ 45.Qg2 Qd4+ 46.Qf2 Qg4+ 47.Qg2  1/2-1/2

[Event "Hastings Masters 2010-11"]
[Site "Hastings ENG"]
[Date "2011.01.01"]
[Round "5.24"]
[White "Rudd,J"]
[Black "Rayner,F"]
[Result "1-0"]
[WhiteElo "2253"]
[BlackElo "2141"]

1.e4 c5 2.Nf3 e6 3.d4 cxd4 4.Nxd4 Nc6 5.Nc3 Qc7 6.g3 a6 7.Bg2 d6 8.O-O Bd7
9.Be3 Nf6 10.Qe2 Ne5 11.Rad1 Be7 12.f4 Nc4 13.Bc1 Rc8 14.Kh1 b5 15.a3 O-O
16.g4 Nxa3 17.g5 Ne8 18.f5 Nc4 19.Rd3 b4 20.f6 Nxf6 21.gxf6 Bxf6 22.Rxf6 bxc3
23.b3 Ne5 24.Rg3 Ng6 25.Rff3 Qc5 26.Be3 Bb5 27.Qe1 Qb4 28.h4 Rc5 29.Qf2 Rh5
30.Rxg6 hxg6 31.Nxe6 Re8 32.Rxf7 Rxe6 33.Rf8+ Kh7 34.Qf7 Rxh4+ 35.Kg1 g5
36.Qg8+ Kg6 37.Qxe6+ Kh7 38.Qf5+  1-0

[Event "Berkeley Int Open"]
[Site "Berkeley USA"]
[Date "2011.01.02"]
[Round "1"]
[White "Liou,Y"]
[Black "Bachmann,Ax"]
[Result "1/2-1/2"]
[WhiteElo "2285"]
[BlackElo "2548"]

1.e4 c5 2.Nf3 e6 3.d4 cxd4 4.Nxd4 Nc6 5.Nc3 Qc7 6.Be2 a6 7.O-O Nf6 8.Kh1 d6
9.a4 Be7 10.Nb3 b6 11.f4 Bb7 12.Bf3 O-O 13.Be3 Rfd8 14.Qd2 Nd7 15.Rad1 Nc5
16.Nd4 Rac8 17.Qf2 Bf6 18.Nxc6 Bxc6 19.Bd4 Bxd4 20.Rxd4 a5 21.Rfd1 e5 22.fxe5 dxe5
23.Rxd8+ Rxd8 24.Rxd8+ Qxd8 25.b3 Kf8 26.h3 g6 27.Qe1 Kg7 28.Kh2 Qd4 29.Ne2 Qd6
30.Ng3 h5 31.Bxh5 Bxe4 32.Nxe4 Nxe4 33.Qxe4 gxh5 34.Kg1 Qc5+ 35.Kf1 Kf6 36.Ke2 Ke6
37.g4 hxg4 38.hxg4 Qc3  1/2-1/2

[Event "HSK GM"]
[Site "Hamburg GER"]
[Date "2011.01.02"]
[Round "1.3"]
[White "Huschenbeth,N"]
[Black "Berg,K"]
[Result "1-0"]
[WhiteElo "2450"]
[BlackElo "2439"]

1.e4 c5 2.Nf3 e6 3.d4 cxd4 4.Nxd4 Nc6 5.Nc3 Qc7 6.Be3 a6 7.Qd2 Nf6 8.O-O-O Bb4
9.f3 Ne5 10.Nb3 b5 11.Qe1 Rb8 12.Qg3 O-O 13.Bd4 Bd6 14.f4 Nh5 15.fxe5 Nxg3
16.exd6 Qxd6 17.hxg3 Qxg3 18.Bc5 b4 19.Na4 a5 20.Bd6 Qe3+ 21.Kb1 Bb7 22.Nac5 a4
23.Na5 Ba8 24.Bd3 Rfd8 25.Na6 b3 26.Nc4 bxc2+ 27.Bxc2 Qe2 28.Nxb8 Qxc4 29.e5 Be4
30.Rd2 f5 31.exf6 a3 32.fxg7 Rc8 33.Rc1 axb2 34.Kxb2 Rxb8+ 35.Bb3 Rxb3+ 36.axb3 Qb5
37.Re1 Bg6 38.Be5 h6 39.Bc3 Qf5 40.g4 Qxg4 41.Rf1 Bf5 42.Ra1 Qe4 43.Ra4 Qb1+
44.Ka3 e5 45.Bxe5 Be4 46.Rxd7 Qc1+ 47.Bb2 Qc5+ 48.Ka2  1-0

[Event "Rilton Cup 2010-11"]
[Site "Stockholm SWE"]
[Date "2011.01.02"]
[Round "6"]
[White "Winge,S"]
[Black "Ivanov,Sergey1"]
[Result "0-1"]
[WhiteElo "2290"]
[BlackElo "2536"]

1.e4 c5 2.Nf3 Nc6 3.d4 cxd4 4.Nxd4 e6 5.Nc3 Qc7 6.Be3 Nf6 7.f4 Bb4 8.Qd3 d5
9.e5 Ne4 10.Be2 Nc5 11.Qd2 Ne4 12.Qd3 O-O 13.O-O Bxc3 14.bxc3 Na5 15.Nb5 Qc6
16.Nxa7 Qxc3 17.Nb5 Qc6 18.a4 Bd7 19.Bf3 Nc4 20.Nd4 Qc5 21.Bxe4 dxe4 22.Qxe4 Bxa4
23.Nf5 Nxe3 24.Qxe3 Qxc2 25.Ne7+ Kh8 26.f5 exf5 27.Nxf5 Bd7 28.Rac1 Qb2 29.Rf2 Qa3
30.Rc3 Qb4 31.Rb3 Ra1+ 32.Rf1 Rxf1+ 33.Kxf1 Qc4+  0-1

[Event "WSB Masters IM"]
[Site "Wroclaw POL"]
[Date "2011.01.02"]
[Round "9"]
[White "Kalinina,O"]
[Black "Luch,M"]
[Result "1/2-1/2"]
[WhiteElo "2222"]
[BlackElo "2387"]

1.e4 c5 2.Ne2 e6 3.d4 cxd4 4.Nxd4 Nc6 5.Nc3 Qc7 6.a3 Nf6 7.Be2 a6 8.O-O Be7
9.Kh1 O-O 10.f4 d6 11.Bf3 Nxd4 12.Qxd4 e5 13.Qf2 exf4 14.Bxf4 Be6 15.Rad1 Nd7
16.Nd5 Bxd5 17.exd5 Bf6 18.c3 Be5 19.Bg5 f5 20.Be2 Nc5 21.Bd3 Nxd3 22.Rxd3 Qc4
23.Rf3 g6 24.Rd1 b5 25.Bf4 Rae8 26.h4 Bxf4 27.Rxf4 Qe2 28.Rdd4 Re5 29.a4 Rfe8
30.Qxe2 Rxe2 31.axb5 axb5 32.Rb4 Rc2 33.Rxb5 Ree2 34.Rb7 Rxg2 35.Ra4 Rh2+  1/2-1/2

[Event "Australian Open"]
[Site "Cammeray AUS"]
[Date "2011.01.03"]
[Round "2.17"]
[White "Chibnall,Alana"]
[Black "Papantoniou,J"]
[Result "1-0"]
[WhiteElo "1807"]
[BlackElo "2023"]

1.e4 e6 2.d4 c5 3.Nf3 cxd4 4.Nxd4 Nc6 5.Nc3 Qc7 6.Nxc6 bxc6 7.Bd3 Nf6 8.O-O Be7
9.Re1 Bd6 10.h3 h6 11.Qf3 Rb8 12.e5 Bxe5 13.Rxe5 Qxe5 14.Bf4 Qc5 15.Bxb8 d6
16.Qg3 Qb6 17.Qxg7 Rg8 18.Qxf6 Qxb8 19.Ne4 d5 20.Ng3 Qb6 21.Nf5 Qc7 22.Nxh6 Rf8
23.Re1 Qd7 24.Nf5 Rg8 25.Ng7+ Kf8 26.Nxe6+ Qxe6 27.Rxe6 Bxe6 28.Bh7  1-0

[Event "Rilton Cup 2010-11"]
[Site "Stockholm SWE"]
[Date "2011.01.03"]
[Round "7"]
[White "Getz,N"]
[Black "Kopasov,A"]
[Result "1/2-1/2"]
[WhiteElo "2317"]
[BlackElo "2198"]

1.e4 c5 2.Nf3 Nc6 3.d4 cxd4 4.Nxd4 e6 5.Nc3 Nf6 6.Ndb5 Bb4 7.a3 Bxc3+ 8.Nxc3 d5
9.exd5 Nxd5 10.Nxd5 exd5 11.Be2 O-O 12.O-O d4 13.b4 Bf5 14.Bb2 a6 15.Qd2 Rc8
16.Rfd1 Qe7 17.c3 Rfe8 18.Re1 d3 19.Bf1 Qd7 20.c4 f6 21.Rad1 Ne5 22.Bxe5 Rxe5
23.Rxe5 fxe5 24.Qe3 e4 25.f3 Rxc4 26.fxe4 Rxe4 27.Qxd3 Qxd3 28.Rxd3 Re1 29.Rc3 Kf7
30.Kf2 Re7 31.Bc4+ Be6 32.Bd3 h6 33.Be4 Rd7 34.Ke3 Ke7 35.Rc5 Kd6 36.Kd4 Rf7
37.b5 Rf4 38.Re5 Rf1 39.bxa6 bxa6 40.Ra5 Bc8 41.Bd3 Rf4+ 42.Kc3 Kc6 43.Re5 Kd6
44.Re8 Bb7 45.Re2  1/2-1/2

[Event "XIV New Year Open"]
[Site "Guben GER"]
[Date "2011.01.04"]
[Round "6.1"]
[White "Womacka,M"]
[Black "Zakhartsov,Vi"]
[Result "0-1"]
[WhiteElo "2471"]
[BlackElo "2602"]

1.e4 c5 2.Nf3 e6 3.d4 cxd4 4.Nxd4 Nc6 5.Nc3 Qc7 6.Be3 a6 7.Bd3 Nf6 8.O-O Ne5
9.h3 Bc5 10.Qe2 d6 11.f4 Ng6 12.Qf2 b6 13.Nce2 O-O 14.c3 e5 15.Nb3 Bxe3 16.Qxe3 exf4
17.Nxf4 Bb7 18.Qd4 Ne5 19.Nd5 Nxd5 20.exd5 Nxd3 21.Qxd3 Rfe8 22.Rf5 Re7 23.Raf1 Rae8
24.Kh2 Re3 25.Rxf7 Qxf7 26.Rxf7 Rxd3 27.Rxb7 b5 28.Nd4 Rd2 29.Ne6 Rxb2 30.a4 Rc8
31.axb5 Rxb5 32.Rxg7+ Kh8 33.c4 Rxc4 34.Rd7 Rb8 35.Rxd6 Ra8 36.Rb6 Rc2 37.Kg3 a5
38.d6 Rd2 39.Nc7 Rd8 40.Ra6 R8xd6 41.Rxa5 Rg6+ 42.Kf4 Rdxg2 43.Nd5 Rf2+ 44.Ke5 Kg7
45.Ra7+ Kh6 46.Nf4 Rg1 47.Ra6+ Kg5 48.Ne6+ Kh4 49.Nf4 Re1+ 50.Kf5 Ref1 51.Ra4 Kg3
52.Ra3+ Rf3  0-1

[Event "23rd Staufer-Open"]
[Site "Leinzell GER"]
[Date "2011.01.04"]
[Round "5"]
[White "Sancar,K"]
[Black "Seifert,C"]
[Result "1/2-1/2"]
[WhiteElo "2065"]
[BlackElo "2192"]

1.e4 c5 2.Nf3 e6 3.Nc3 Nc6 4.d4 cxd4 5.Nxd4 Nf6 6.Ndb5 Bb4 7.a3 Bxc3+ 8.Nxc3 d5
9.exd5 exd5 10.Bd3 O-O 11.O-O d4 12.Ne2 Bg4 13.f3 Bh5 14.Bg5 Qd6 15.Qd2 Rac8
16.Rad1 Nd5 17.Bf5 Qc5 18.Nxd4 Nxd4 19.Qxd4 Nc3 20.Qxc5 Rxc5 21.bxc3 Rxf5
22.Be7 Re8 23.g4 Re5 24.Bd6 Rg5 25.Rfe1 Rxe1+ 26.Rxe1 f5 27.h4 Rg6 28.Re8+ Kf7
29.Re7+ Kg8 30.Re8+  1/2-1/2